00000000nam##2200000za#4500
0019.669153
003CaOODSP
00520240209132423
007ta
008150407|2007||||xxc|||||     f|0| 0 eng|d
020 |a978-0-662-05058-2
040 |aCaOODSP|beng
041 |aeng
041 |afre
043 |an-cn---
0861 |aIu89-4/28-3-2007
1102 |aAtlantic Canada Opportunities Agency.
24510|aInvesting in women in business
260 |aMoncton - New Brunswick : |bAtlantic Canada Opportunities Agency |c[2007].
300 |aEnglish text, [1]p. ; |c28 cm.
563 |aPamphlet
590 |a08-22|b2008-05-30
7760#|tInvestir dans les femmes en affaires - [L'Île-du-Prince-Édouard] |w(CaOODSP)9.638187
7760#|tInvesting in women in business - [Prince Edward Island] |w(CaOODSP)9.694004
792 |tInvestir dans les femmes en affaires |efre|w(CaOODSP)9.669154
986 |aACOA: 2007-09